| 000 | 00631nam a2200205 a 4500 | ||
|---|---|---|---|
| 005 | 20210219152621.0 | ||
| 008 | 991125s1979 bar 000 0 spa u | ||
| 020 | _a8432993174 | ||
| 035 | _aUPN01000057587 | ||
| 049 | _aCG | ||
| 050 | 4 |
_aLC41 _bR6.8 |
|
| 100 | 1 | _aPastor Mallol, Estanislao | |
| 245 | 1 | 3 |
_aLa tutoría : _bpautas de acción e instrumentos útiles al profesor-tutor / _cJosé M. Román Sánchez, Estanislao Pastor Mallol. |
| 260 |
_aBarcelona (Esp.) : _bCEAC, _c1979. |
||
| 300 | _a460 p. | ||
| 440 | 0 |
_aEducación y enseñanza. _pSerie monográfica |
|
| 650 | 4 | _aMAESTROS | |
| 650 | 4 | _aTUTELA | |
| 905 | _aLibro | ||
| 999 |
_c57587 _d57587 |
||